000 00841nam a2200277Ia 4500
003 OSt
005 20220925204324.0
006 a|||||r|||| 00| 0
007 ta
008 220923b |||||||| |||| 00| 0 eng d
020 _a9290451521
037 _cGeneral Book
040 _aRTL
_cRTL
_beng
041 _2eng
_aeng
082 _aV1:1954.P, P3
100 _aTulliu Steve
_9268214
245 0 _aComing to terms with security
_b An Lexicon for arm
260 _aGeneva
_bUnited Nations
_c2003
300 _a240p.
_ccm.
500 _aUnited Nations, Institute for Disarmament Research, Publication
650 _a History
650 _aDisarmament
_9268215
700 _a Schmalberger Thomas
_9268216
942 _hV1:1954.P, P3
_cGB
_2CC
999 _c549153
_d549153